000 01270nam0a22002531 4500
001 rc\273414
005 20260407083530.0
035 _a(NLR Aleph) 005488088
090 _a5177991
_c5177991
100 _a20030307d1990 |||y0rusy50 ca
101 0 _arus
102 _aRU
105 _ay |||||||||
200 1 _aЛимфосаркома у детей
_e(Клиника, диагностика и лечение)
_e[Метод. рекомендации]
_fМ-во здравоохранения СССР. Упр. специализир. мед. помощи и др.
_g[Подгот. Л.А. Махоновой и др.]
210 _aЛ.
_cБ. и.
_d1990
215 _a17, [1] с.
_d20
300 _aВ надзаг. также: НИИ дет. онкологии Всесоюз. онкол. науч. центра АМН СССР и Дет. фонда им. В.И. Ленина, НИИ онкологии им. Н.Н. Петрова
702 1 _aМахонова
_bЛ.А.
_gЛидия Алексеевна
_4570
712 0 1 _aСССР
_bУправление специализированной медицинской помощи
_3RU\NLR\AUTH\8810572
_9293730
801 0 _aRU
_bNLR
_gpsbo
801 1 _aRU
_bELAR
_2rusmarc
852 _aNLR
_j91-4/295
942 _cBOOK
980 _aNB